| 000 | 00479nam a22001697a 4500 | ||
|---|---|---|---|
| 999 |
_c62602 _d62602 |
||
| 005 | 20241216161222.0 | ||
| 008 | 241216s2024 enk||||| |||| 00| 0 eng d | ||
| 020 | _a9789464262810x | ||
| 041 | _aeng | ||
| 080 | _a97(37) L-83 | ||
| 245 |
_aLiving and dying on the Roman Frontier and beyond / _bLIMES XXV volume 3. |
||
| 264 |
_aLeiden, _c2024. |
||
| 300 |
_a459 p.: _bill.; _c28 cm. |
||
| 653 | _aრომი | ||
| 653 | _aისტორია | ||
| 942 |
_2udc _cᲬᲘᲒᲜᲘ |
||